000 00655nam a2200217Ii 4500
003 JO-AjNU
008 230606s9999||||xx |||||||||||||| ||und||
020 _a978-0-19-923400-4
040 _aJO-AjNU
_beng
_erda
_cJO-AjNU
041 _aeng
050 1 4 _aQA76.15.2008
245 0 0 _aOxford Dictionary of computing
250 _a6 ed
264 3 1 _aNew Delhi, Universal Book Stall, 2008
300 _a579p
336 _atext
_btxt
_2rdacontent
337 _aunmediated
_bn
_2rdamedia
338 _avolume
_bnc
_2rdacarrier
490 0 _aOxford paperback reference
650 4 _aElectronic data processing -- dictionaries -- Computers -- Dictionaries
_9705
999 _aE371
_c371
_d371